Most Guessed One-Syllable Body Parts - Statistics

General Stats
  • This quiz has been taken 107 times
  • The average score is 14 of 20
Answer Stats
answer % Correct
arm
95%
eye
92%
leg
92%
ear
91%
head
85%
toe
81%
nose
80%
foot
77%
hand
76%
knee
72%
hair
71%
mouth
69%
heart
64%
neck
64%
back
61%
lip
59%
nail
55%
lung
53%
tooth
53%
tongue
43%
No matching quizzes found
Score Distribution
Percent of People with Each Score
Percentile by Number Answered
Your Score History
You have not taken this quiz